[Event "CYCC U08"]
[Site "Sault Ste. Marie CAN"]
[Date "2017.07.06"]
[Round "2"]
[White "Ksenych, Drew"]
[Black "De Leon, Rut Jurry"]
[Result "1-0"]
[WhiteElo "954"]
[BlackElo "736"]
[WhiteFideId "-1"]
[WhiteFideId "-1"]
[PlyCount "53"]
[GameId "2160767908344395"]
[EventDate "2017.07.06"]
[EventType "swiss"]
[EventRounds "7"]
[EventCountry "CAN"]

1. d4 Nf6 2. f3 e6 3. e4 Be7 4. Nc3 d5 5. e5 Nfd7 6. Bd3 c5 7. dxc5 Bxc5 8. Nge2 Nc6 9. f4 O-O 10. Ng3 b6 11. Bd2 Bb7 12. Qh5 h6 13. O-O-O Nb4 14. Be2 d4 15. Nce4 Bxe4 16. Nxe4 d3 17. Bxd3 Nxd3+ 18. cxd3 Rc8 19. Kb1 Qe7 20. g4 Rc7 21. g5 hxg5 22. Nxg5 Qxg5 23. Qxg5 Bd4 24. Rc1 Rfc8 25. Rxc7 Rxc7 26. Qd8+ Nf8 27. Qxc7 1-0

[Event "CYCC U08"]
[Site "Sault Ste. Marie CAN"]
[Date "2017.07.06"]
[Round "2"]
[White "Pugach, Daniel"]
[Black "Brunet, Nicolas"]
[Result "1-0"]
[WhiteElo "748"]
[BlackElo "586"]
[WhiteFideId "-1"]
[WhiteFideId "-1"]
[PlyCount "69"]
[GameId "2160767908344398"]
[EventDate "2017.07.06"]
[EventType "swiss"]
[EventRounds "7"]
[EventCountry "CAN"]
[SourceTitle "EXT 2022"]
[Source "ChessBase"]
[SourceDate "2021.10.06"]
[SourceVersion "1"]
[SourceVersionDate "2021.10.06"]
[SourceQuality "1"]

1. e4 e5 2. Nf3 d6 3. Bc4 Bg4 4. Nc3 Qg5 5. O-O Nc6 6. Nxg5 Bxd1 7. Rxd1 Nd4 8. d3 Be7 9. Nxf7 h5 10. Nxh8 g5 11. Bxg8 O-O-O 12. Nd5 Rxg8 13. Nxe7+ Kd8 14. Nxg8 h4 15. Bxg5+ Ke8 16. Nf6+ Ke7 17. Ng6+ Kd8 18. Nf8 Ke7 19. Re1 Kxf8 20. Re3 Kf7 21. Bxh4 Nxc2 22. Rf3 Nxa1 23. Nd5+ Ke8 24. Nxc7+ Kd7 25. Rf7+ Kc6 26. b4 Nc2 27. b5+ Kc5 28. f3 a5 29. Bf2+ Nd4 30. a3 Kb6 31. Nd5+ Kxb5 32. Rxb7+ Ka4 33. Nc3+ Kxa3 34. Be3 Nc2 35. Bc1# 1-0

[Event "CYCC U08"]
[Site "Sault Ste. Marie CAN"]
[Date "2017.07.06"]
[Round "2"]
[White "Xu, Alex"]
[Black "Chandra, Anand"]
[Result "0-1"]
[WhiteElo "881"]
[BlackElo "1711"]
[WhiteFideId "-1"]
[WhiteFideId "-1"]
[PlyCount "100"]
[GameId "2160767908344401"]
[EventDate "2017.07.06"]
[EventType "swiss"]
[EventRounds "7"]
[EventCountry "CAN"]
[SourceTitle "EXT 2022"]
[Source "ChessBase"]
[SourceDate "2021.10.06"]
[SourceVersion "1"]
[SourceVersionDate "2021.10.06"]
[SourceQuality "1"]

1. e4 c5 2. Nf3 d6 3. d4 cxd4 4. Nxd4 Nf6 5. Nc3 a6 6. Be2 Nbd7 7. O-O g6 8. f4 Bg7 9. Kh1 Qc7 10. Be3 b5 11. Bf3 Bb7 12. a3 Nc5 13. Nd5 Nxd5 14. exd5 O-O 15. b4 Nd7 16. Rc1 Nb6 17. Qe1 Nc4 18. Ra1 Rac8 19. Bg1 Nb6 20. Nc6 Bxc6 21. dxc6 e6 22. Rd1 d5 23. Bc5 Rfd8 24. Qf2 Nc4 25. Be2 Qxc6 26. Bxc4 dxc4 27. Qh4 Rd5 28. Rxd5 Qxd5 29. Qg4 Bf8 30. Rd1 Qf5 31. Qxf5 exf5 32. Bxf8 Kxf8 33. Rd6 Re8 34. g3 Re6 35. Rd8+ Kg7 36. Ra8 Kf6 37. Ra7 Rd6 38. c3 Ke6 39. Kg2 h5 40. Kh3 Kf6 41. Kh4 Re6 42. Rb7 Kg7 43. Kg5 Re3 44. Ra7 Rxc3 45. Rxa6 Rb3 46. Rb6 c3 47. Rxb5 Rxa3 48. Rc5 Ra2 49. Rxc3 f6+ 50. Kh4 Rxh2# 0-1

[Event "CYCC U08"]
[Site "Sault Ste. Marie CAN"]
[Date "2017.07.06"]
[Round "2"]
[White "Yang, Jingyun (Ryan)"]
[Black "Georgescu-Nicolau, Luca"]
[Result "1-0"]
[WhiteElo "1267"]
[BlackElo "877"]
[WhiteFideId "-1"]
[WhiteFideId "-1"]
[PlyCount "43"]
[GameId "2160767908344403"]
[EventDate "2017.07.06"]
[EventType "swiss"]
[EventRounds "7"]
[EventCountry "CAN"]
[SourceTitle "EXT 2022"]
[Source "ChessBase"]
[SourceDate "2021.10.06"]
[SourceVersion "1"]
[SourceVersionDate "2021.10.06"]
[SourceQuality "1"]

1. d4 d5 2. Nf3 Nf6 3. e3 b6 4. c4 Bb7 5. Nc3 e6 6. cxd5 Nxd5 7. Qc2 a5 8. e4 Nxc3 9. bxc3 Be7 10. Bd3 O-O 11. e5 g6 12. Bh6 Re8 13. Rd1 Bc6 14. Be4 Bxe4 15. Qxe4 Ra7 16. O-O Qd5 17. Qf4 Qd8 18. Ng5 Bxg5 19. Bxg5 Qd7 20. Bf6 g5 21. Qxg5+ Kf8 22. Qg7# 1-0

[Event "CYCC U08"]
[Site "Sault Ste. Marie CAN"]
[Date "2017.07.07"]
[Round "3"]
[White "Chandra, Anand"]
[Black "Ksenych, Drew"]
[Result "1-0"]
[WhiteElo "1711"]
[BlackElo "954"]
[WhiteFideId "-1"]
[WhiteFideId "-1"]
[PlyCount "53"]
[GameId "2160767908344404"]
[EventDate "2017.07.06"]
[EventType "swiss"]
[EventRounds "7"]
[EventCountry "CAN"]
[SourceTitle "EXT 2022"]
[Source "ChessBase"]
[SourceDate "2021.10.06"]
[SourceVersion "1"]
[SourceVersionDate "2021.10.06"]
[SourceQuality "1"]

1. e4 d5 2. exd5 Nf6 3. d4 Bg4 4. f3 Bh5 5. c4 e6 6. dxe6 Nc6 7. Be3 Qe7 8. Qd2 O-O-O 9. Nc3 fxe6 10. O-O-O e5 11. d5 Kb8 12. Qf2 Nb4 13. a3 Na6 14. Bxa7+ Ka8 15. Be3 Qd7 16. Be2 Be7 17. Nb5 Rhe8 18. Nh3 Bg6 19. Bd3 Bf7 20. Ng5 Bg6 21. Bxg6 hxg6 22. Nf7 Rc8 23. Nxe5 Qf5 24. Nd3 Bd6 25. g4 Qd7 26. Bg5 Re7 27. Qa7# 1-0

[Event "CYCC U08"]
[Site "Sault Ste. Marie CAN"]
[Date "2017.07.07"]
[Round "3"]
[White "De Leon, Rut Jurry"]
[Black "Xu, Alex"]
[Result "0-1"]
[WhiteElo "736"]
[BlackElo "881"]
[WhiteFideId "-1"]
[WhiteFideId "-1"]
[PlyCount "34"]
[GameId "2160767908344405"]
[EventDate "2017.07.06"]
[EventType "swiss"]
[EventRounds "7"]
[EventCountry "CAN"]

1. d4 d5 2. c4 e6 3. Nc3 Nf6 4. Bg5 Nbd7 5. e4 h6 6. Bxf6 Nxf6 7. Bd3 dxc4 8. Bxc4 Be7 9. Nge2 O-O 10. O-O b6 11. Qd3 Bb7 12. Bb3 c5 13. Bc2 Rc8 14. e5 c4 15. Qd2 Nd5 16. Nxd5 Qxd5 17. Rab1 Qxg2# 0-1

[Event "CYCC U08"]
[Site "Sault Ste. Marie CAN"]
[Date "2017.07.07"]
[Round "3"]
[White "Georgescu-Nicolau, Luca"]
[Black "Bai, Kingsley"]
[Result "1-0"]
[WhiteElo "877"]
[BlackElo "652"]
[WhiteFideId "-1"]
[WhiteFideId "-1"]
[PlyCount "105"]
[GameId "2160767908344406"]
[EventDate "2017.07.06"]
[EventType "swiss"]
[EventRounds "7"]
[EventCountry "CAN"]
[SourceTitle "EXT 2022"]
[Source "ChessBase"]
[SourceDate "2021.10.06"]
[SourceVersion "1"]
[SourceVersionDate "2021.10.06"]
[SourceQuality "1"]

1. d4 Nf6 2. Nc3 e6 3. e4 d5 4. e5 Ne4 5. Nxe4 dxe4 6. g3 f6 7. exf6 Qxf6 8. Bg2 c5 9. Be3 Nc6 10. dxc5 Bd7 11. Bxe4 O-O-O 12. Qc1 b6 13. cxb6 Bb4+ 14. c3 Qe5 15. Bxc6 Bxc6 16. f3 Ba4 17. cxb4+ Kb7 18. Qc7+ Qxc7 19. bxc7 Kxc7 20. b3 Rd3 21. Bf4+ Kb6 22. bxa4 Rhd8 23. a3 a5 24. bxa5+ Ka6 25. h4 Kxa5 26. Rh2 Kxa4 27. Rd2 Rxd2 28. Bxd2 Rd7 29. Bc3 h6 30. Rd1 Rxd1+ 31. Kxd1 Kxa3 32. Bxg7 h5 33. Ne2 Kb4 34. Nf4 e5 35. Bxe5 Kc5 36. Nxh5 Kd5 37. Bb2 Ke6 38. Nf6 Kf7 39. g4 Kg6 40. h5+ Kh6 41. g5+ Kxg5 42. f4+ Kh6 43. Ke2 Kg7 44. Ke3 Kh6 45. Ke4 Kg7 46. Ke5 Kh6 47. f5 Kg5 48. Ne4+ Kxh5 49. f6 Kg6 50. Ke6 Kh7 51. f7 Kg6 52. f8=Q Kh7 53. Qg7# 1-0

[Event "CYCC U08"]
[Site "Sault Ste. Marie CAN"]
[Date "2017.07.07"]
[Round "3"]
[White "Huang, Winston1"]
[Black "Brunet, Nicolas"]
[Result "1-0"]
[WhiteElo "586"]
[BlackElo "586"]
[WhiteFideId "-1"]
[WhiteFideId "-1"]
[PlyCount "77"]
[GameId "2160767908344407"]
[EventDate "2017.07.06"]
[EventType "swiss"]
[EventRounds "7"]
[EventCountry "CAN"]
[SourceTitle "EXT 2022"]
[Source "ChessBase"]
[SourceDate "2021.10.06"]
[SourceVersion "1"]
[SourceVersionDate "2021.10.06"]
[SourceQuality "1"]

1. e4 e5 2. Bc4 Nh6 3. Nf3 d6 4. d3 Bg4 5. h3 Bh5 6. g4 Bg6 7. Nc3 Na6 8. Bxa6 bxa6 9. Bxh6 gxh6 10. Qd2 h5 11. g5 Be7 12. h4 Rb8 13. Na4 Qc8 14. O-O-O d5 15. exd5 Bb4 16. Qe2 c5 17. dxc6 O-O 18. Nxe5 Re8 19. f4 Bf5 20. Qf3 Bg4 21. Qf2 Bxd1 22. Rxd1 Bd6 23. Nc4 Bf8 24. Nc3 Re6 25. f5 Re7 26. Nd5 Re8 27. Nf6+ Kh8 28. Nxe8 a5 29. Ned6 Qd8 30. Nxf7+ Kg7 31. Nxd8 Ra8 32. Ne6+ Kf7 33. Nxf8 Kxf8 34. Qc5+ Ke8 35. Qd6 Rd8 36. Re1+ Kf7 37. Qe7+ Kg8 38. f6 Rf8 39. Qg7# 1-0

[Event "CYCC U08"]
[Site "Sault Ste. Marie CAN"]
[Date "2017.07.07"]
[Round "3"]
[White "Jiang, William"]
[Black "Huard, Matheo"]
[Result "0-1"]
[WhiteElo "659"]
[BlackElo "1292"]
[WhiteFideId "-1"]
[WhiteFideId "-1"]
[PlyCount "132"]
[GameId "2160767908344408"]
[EventDate "2017.07.06"]
[EventType "swiss"]
[EventRounds "7"]
[EventCountry "CAN"]
[SourceTitle "EXT 2022"]
[Source "ChessBase"]
[SourceDate "2021.10.06"]
[SourceVersion "1"]
[SourceVersionDate "2021.10.06"]
[SourceQuality "1"]

1. e4 c5 2. Nf3 Nc6 3. Bc4 Nf6 4. O-O Nxe4 5. Re1 d5 6. Bd3 Bf5 7. Nc3 Nxc3 8. bxc3 Bxd3 9. cxd3 e6 10. Ba3 Be7 11. Rb1 Qc7 12. Bb2 O-O 13. c4 d4 14. h3 b6 15. Nh2 Bd6 16. Nf3 Nb4 17. Ng5 Nxd3 18. Rf1 Bh2+ 19. Kh1 Qf4 20. Qh5 h6 21. Nf3 g6 22. Qg4 Qxg4 23. hxg4 Bf4 24. g3 Bg5 25. Ne1 Nxe1 26. Rfxe1 Bxd2 27. Re2 Bc3 28. Bxc3 dxc3 29. Rc1 Rfd8 30. Rxc3 Rd1+ 31. Kg2 Rad8 32. Rcc2 Kg7 33. Kf3 Kf6 34. Ke4 R8d4+ 35. Kf3 Kg5 36. Re5+ f5 37. Rxe6 fxg4+ 38. Ke3 Re1+ 39. Re2 Rxe2+ 40. Kxe2 Rxc4 41. f4+ gxf3+ 42. Kxf3 Kf5 43. Re7 Rc3+ 44. Ke2 Rxg3 45. Rh7 h5 46. Kf2 Ra3 47. Ke2 c4 48. Kd2 Rxa2+ 49. Kc3 b5 50. Kb4 a5+ 51. Kxb5 c3 52. Kc4 c2 53. Kb3 c1=Q 54. Kxa2 Qc3 55. Rb7 a4 56. Rb2 a3 57. Rb3 Qa5 58. Rxa3 Qd2+ 59. Ka1 Qc2 60. Ra5+ Ke4 61. Rd5 Qc3+ 62. Kb1 Kxd5 63. Ka2 Kc4 64. Kb1 Qd2 65. Ka1 Kb3 66. Kb1 Qb2# 0-1

[Event "CYCC U08"]
[Site "Sault Ste. Marie CAN"]
[Date "2017.07.07"]
[Round "3"]
[White "Pugach, Daniel"]
[Black "Dupuis, Denis K"]
[Result "0-1"]
[WhiteElo "748"]
[BlackElo "1354"]
[WhiteFideId "-1"]
[WhiteFideId "-1"]
[PlyCount "99"]
[GameId "2160767908344412"]
[EventDate "2017.07.06"]
[EventType "swiss"]
[EventRounds "7"]
[EventCountry "CAN"]
[SourceTitle "EXT 2022"]
[Source "ChessBase"]
[SourceDate "2021.10.06"]
[SourceVersion "1"]
[SourceVersionDate "2021.10.06"]
[SourceQuality "1"]

1. e4 e5 2. Nf3 Nc6 3. Bb5 a6 4. Ba4 Nf6 5. d4 exd4 6. Nxd4 Bc5 7. Nf3 Nxe4 8. O-O O-O 9. Bb3 d6 10. Nc3 Nxc3 11. bxc3 Bg4 12. h3 Bh5 13. Qd3 Re8 14. Ng5 Bg6 15. Bxf7+ Bxf7 16. Qxh7+ Kf8 17. Qh8+ Bg8 18. Nh7+ Kf7 19. Bb2 Qh4 20. c4 Qxh7 21. Bxg7 Qxh8 22. Bxh8 Bh7 23. Bc3 Bxc2 24. Kh2 Bd3 25. Rg1 Bxf2 26. Rgd1 Bxc4 27. Rd2 Bg3+ 28. Kxg3 Re3+ 29. Kh2 Rxc3 30. Rf2+ Ke6 31. Re1+ Ne5 32. Rf3 Rxf3 33. gxf3 Kf5 34. Kg3 Rg8+ 35. Kf2 Nd3+ 36. Ke2 Nxe1+ 37. Kxe1 Rg2 38. h4 Kf4 39. h5 Ke3 40. Kd1 Rxa2 41. h6 Kxf3 42. h7 Rh2 43. h8=Q Rxh8 44. Kc2 Ke4 45. Kc3 Rh2 46. Kb4 Kd4 47. Ka5 Rb2 48. Ka4 Bg8 49. Ka3 Kc3 50. Ka4 0-1

[Event "CYCC U08"]
[Site "Sault Ste. Marie CAN"]
[Date "2017.07.07"]
[Round "3"]
[White "Ran, Sean"]
[Black "Deng, Henry"]
[Result "1-0"]
[WhiteElo "906"]
[BlackElo "1014"]
[WhiteFideId "-1"]
[WhiteFideId "-1"]
[PlyCount "51"]
[GameId "2160767908344413"]
[EventDate "2017.07.06"]
[EventType "swiss"]
[EventRounds "7"]
[EventCountry "CAN"]
[SourceTitle "EXT 2022"]
[Source "ChessBase"]
[SourceDate "2021.10.06"]
[SourceVersion "1"]
[SourceVersionDate "2021.10.06"]
[SourceQuality "1"]

1. e4 e5 2. Nf3 Nc6 3. Nc3 Nf6 4. Bb5 a6 5. Bxc6 bxc6 6. Nxe5 Bc5 7. d4 Bd6 8. Nf3 O-O 9. O-O Ng4 10. e5 Be7 11. h3 h5 12. hxg4 hxg4 13. Nh2 d6 14. exd6 cxd6 15. Nxg4 d5 16. Ne5 Bd6 17. Nxc6 Qh4 18. g3 Bxg3 19. Ne7+ Kh8 20. fxg3 Qxg3+ 21. Kh1 Bg4 22. Qd3 Qh4+ 23. Kg2 Rae8 24. Rh1 Bh3+ 25. Rxh3 Qxh3+ 26. Qxh3# 1-0

[Event "CYCC U08"]
[Site "Sault Ste. Marie CAN"]
[Date "2017.07.07"]
[Round "3"]
[White "Song, Ethan"]
[Black "Taylor, Aiden"]
[Result "1-0"]
[WhiteElo "1315"]
[BlackElo "718"]
[WhiteFideId "-1"]
[WhiteFideId "-1"]
[PlyCount "91"]
[GameId "2160767908344414"]
[EventDate "2017.07.06"]
[EventType "swiss"]
[EventRounds "7"]
[EventCountry "CAN"]
[SourceTitle "EXT 2022"]
[Source "ChessBase"]
[SourceDate "2021.10.06"]
[SourceVersion "1"]
[SourceVersionDate "2021.10.06"]
[SourceQuality "1"]

1. c4 e5 2. Nc3 Nf6 3. g3 Nc6 4. Bg2 Bc5 5. e3 d6 6. a3 Be6 7. Nge2 O-O 8. d4 exd4 9. exd4 Bxc4 10. dxc5 Bxe2 11. Nxe2 dxc5 12. Qxd8 Rfxd8 13. Bxc6 bxc6 14. O-O h6 15. Be3 Re8 16. Nf4 Nd7 17. Rac1 Rab8 18. Rfd1 Red8 19. Bxc5 Nxc5 20. Rxd8+ Rxd8 21. Rxc5 Rd1+ 22. Kg2 Rd6 23. Ra5 g5 24. Nh3 Rd2 25. b4 Kf8 26. Rxa7 Rd7 27. a4 Ke8 28. a5 Rd4 29. Rxc7 Rxb4 30. a6 Rb8 31. a7 Ra8 32. Rb7 g4 33. Rb8+ Kd7 34. Rxa8 gxh3+ 35. Kxh3 Kd6 36. Rd8+ Kc5 37. a8=Q Kb5 38. Qb7+ Kc5 39. Rd3 Kc4 40. Qb3+ Kc5 41. Qc3+ Kb5 42. Rd6 c5 43. Rd5 Ka6 44. Rxc5 Ka7 45. Rb5 Ka6 46. Qa5# 1-0

[Event "CYCC U08"]
[Site "Sault Ste. Marie CAN"]
[Date "2017.07.07"]
[Round "3"]
[White "Wang, Arthur D"]
[Black "Mane, Arnav"]
[Result "0-1"]
[WhiteElo "634"]
[BlackElo "829"]
[WhiteFideId "-1"]
[WhiteFideId "-1"]
[PlyCount "58"]
[GameId "2160767908344415"]
[EventDate "2017.07.06"]
[EventType "swiss"]
[EventRounds "7"]
[EventCountry "CAN"]
[SourceTitle "EXT 2022"]
[Source "ChessBase"]
[SourceDate "2021.10.06"]
[SourceVersion "1"]
[SourceVersionDate "2021.10.06"]
[SourceQuality "1"]

1. e4 c5 2. Nf3 Nc6 3. Nc3 Nf6 4. Bc4 e6 5. O-O a6 6. d3 d5 7. exd5 exd5 8. Bb3 b5 9. a3 Be7 10. Re1 O-O 11. Bg5 h6 12. Bxf6 Bxf6 13. Bxd5 Bb7 14. Ba2 Nd4 15. Nxd4 cxd4 16. Ne2 Qc8 17. Rc1 Qc6 18. f3 Bh4 19. Rf1 Bg5 20. Rb1 Be3+ 21. Kh1 Rfe8 22. Qe1 Qxc2 23. Qd1 Rac8 24. Qxc2 Rxc2 25. Nc1 Bxc1 26. Rbxc1 Rxb2 27. Ra1 Ree2 28. Rg1 Bxf3 29. h3 g5 0-1

[Event "CYCC U08"]
[Site "Sault Ste. Marie CAN"]
[Date "2017.07.07"]
[Round "3"]
[White "Wang, Richard2"]
[Black "Yang, Jingyun (Ryan)"]
[Result "0-1"]
[WhiteElo "1008"]
[BlackElo "1267"]
[WhiteFideId "-1"]
[WhiteFideId "-1"]
[PlyCount "98"]
[GameId "2160767908344417"]
[EventDate "2017.07.06"]
[EventType "swiss"]
[EventRounds "7"]
[EventCountry "CAN"]
[SourceTitle "EXT 2022"]
[Source "ChessBase"]
[SourceDate "2021.10.06"]
[SourceVersion "1"]
[SourceVersionDate "2021.10.06"]
[SourceQuality "1"]

1. d4 e6 2. Nf3 Nf6 3. e3 d5 4. Nc3 c5 5. a3 Nbd7 6. Bd3 c4 7. Be2 Bd6 8. O-O O-O 9. Re1 b6 10. h3 Bb7 11. Nb5 Bb8 12. c3 a6 13. Qa4 axb5 14. Qxb5 Ra5 15. Qb4 Bc6 16. a4 b5 17. b3 cxb3 18. Qxb3 bxa4 19. Qc2 Ne4 20. Bd3 Ndf6 21. Ne5 Bxe5 22. dxe5 Nd7 23. Bxe4 dxe4 24. Rd1 Rxe5 25. Ba3 Re8 26. Bb4 Qc7 27. Bd6 Qa5 28. Bxe5 Nxe5 29. Rd4 Nd3 30. f3 e5 31. Rc4 Bb5 32. Rxe4 f5 33. Rh4 Qd8 34. Rd1 Qxh4 35. c4 Qxc4 36. Qd2 f4 37. e4 Qd4+ 38. Kh2 Qf2 39. Qc3 Qg3+ 40. Kh1 Nf2+ 41. Kg1 Nxd1 42. Qd2 Ne3 43. Kh1 Qh2+ 44. Kxh2 Nf1+ 45. Kg1 Nxd2 46. Kh2 a3 47. g4 a2 48. h4 a1=Q 49. Kh3 Qh1# 0-1

[Event "CYCC U08"]
[Site "Sault Ste. Marie CAN"]
[Date "2017.07.07"]
[Round "4"]
[White "Bai, Kingsley"]
[Black "Pugach, Daniel"]
[Result "0-1"]
[WhiteElo "652"]
[BlackElo "748"]
[WhiteFideId "-1"]
[WhiteFideId "-1"]
[PlyCount "104"]
[GameId "2160767908344418"]
[EventDate "2017.07.06"]
[EventType "swiss"]
[EventRounds "7"]
[EventCountry "CAN"]
[SourceTitle "EXT 2022"]
[Source "ChessBase"]
[SourceDate "2021.10.06"]
[SourceVersion "1"]
[SourceVersionDate "2021.10.06"]
[SourceQuality "1"]

1. d4 d5 2. Nf3 e6 3. e3 c5 4. Bd3 c4 5. Be2 Nf6 6. O-O Bd6 7. Nbd2 O-O 8. b3 c3 9. e4 cxd2 10. e5 dxc1=Q 11. Rxc1 Ba3 12. exf6 Bxc1 13. Qxc1 Qxf6 14. c3 Nd7 15. Bd3 e5 16. Bb1 e4 17. Qc2 g6 18. Nd2 Qh4 19. g3 Qh3 20. Re1 Nf6 21. f3 exf3 22. Nxf3 Bf5 23. Qe2 Rae8 24. Qf2 Rxe1+ 25. Qxe1 Be4 26. Bxe4 dxe4 27. Ng5 Qh5 28. Qe3 Ng4 29. Qd2 e3 30. Qe2 Qxg5 31. h3 Nf2 32. Kg2 Qh6 33. Kf3 Qh5+ 34. g4 Qd5+ 35. Kxe3 Re8+ 36. Kxf2 Rxe2+ 37. Kxe2 Kg7 38. Kd3 b5 39. c4 Qf3+ 40. Kc2 b4 41. d5 Qc3+ 42. Kb1 Kf6 43. h4 Ke5 44. g5 Ke4 45. d6 Qd4 46. c5 Qxc5 47. d7 Qc7 48. Kb2 Qxd7 49. a4 Kd3 50. Ka2 Kc2 51. Ka1 Qd1+ 52. Ka2 Qb1# 0-1

[Event "CYCC U08"]
[Site "Sault Ste. Marie CAN"]
[Date "2017.07.07"]
[Round "4"]
[White "Dupuis, Denis K"]
[Black "Georgescu-Nicolau, Luca"]
[Result "1/2-1/2"]
[WhiteElo "1354"]
[BlackElo "877"]
[WhiteFideId "-1"]
[WhiteFideId "-1"]
[PlyCount "52"]
[GameId "2160767739780354"]
[EventDate "2017.07.06"]
[EventType "swiss"]
[EventRounds "7"]
[EventCountry "CAN"]
[SourceTitle "EXT 2022"]
[Source "ChessBase"]
[SourceDate "2021.10.06"]
[SourceVersion "1"]
[SourceVersionDate "2021.10.06"]
[SourceQuality "1"]

1. e4 e5 2. Nf3 Nc6 3. Bc4 h6 4. Nc3 Nf6 5. d4 exd4 6. Nxd4 b6 7. Nxc6 dxc6 8. Bxf7+ Ke7 9. O-O Qxd1 10. Rxd1 Kxf7 11. Bf4 Bd6 12. e5 Nh5 13. exd6 Nxf4 14. dxc7 Ne6 15. Rd6 Nxc7 16. Rxc6 Ne6 17. Rd1 Rd8 18. Rxd8 Nxd8 19. Rc7+ Kg8 20. Nd5 Ba6 21. Rd7 Bb5 22. Re7 Nc6 23. Re1 Rd8 24. Nc3 a6 25. f3 Nd4 26. Nxb5 Nxb5 {...} 1/2-1/2

[Event "CYCC U08"]
[Site "Sault Ste. Marie CAN"]
[Date "2017.07.07"]
[Round "4"]
[White "Huang, Winston1"]
[Black "De Leon, Rut Jurry"]
[Result "0-1"]
[WhiteElo "586"]
[BlackElo "736"]
[WhiteFideId "-1"]
[WhiteFideId "-1"]
[PlyCount "154"]
[GameId "2160767908344421"]
[EventDate "2017.07.06"]
[EventType "swiss"]
[EventRounds "7"]
[EventCountry "CAN"]
[SourceTitle "EXT 2022"]
[Source "ChessBase"]
[SourceDate "2021.10.06"]
[SourceVersion "1"]
[SourceVersionDate "2021.10.06"]
[SourceQuality "1"]

1. e4 e5 2. Nf3 Nc6 3. Nc3 Nf6 4. Bc4 Nxe4 5. Nxe4 d5 6. Bxd5 Qxd5 7. Nc3 Qd6 8. Nb5 Qd8 9. d3 Bg4 10. Be3 a6 11. Nc3 Bb4 12. a3 Bd6 13. Bg5 Be7 14. Bxe7 Qxe7 15. Nd5 Qd7 16. Ne3 Bh5 17. Nxe5 Nxe5 18. Qxh5 Ng6 19. Qg4 Qxg4 20. Nxg4 O-O-O 21. O-O-O Ne7 22. Ne5 Rhf8 23. Rhe1 Rde8 24. d4 f6 25. Nc4 Nf5 26. Rxe8+ Rxe8 27. g4 Nh6 28. f3 Re2 29. h3 Rh2 30. f4 Rxh3 31. g5 fxg5 32. fxg5 Nf5 33. d5 Rg3 34. d6 cxd6 35. Nxd6+ Nxd6 36. Rxd6 Rxg5 37. b4 h5 38. a4 h4 39. b5 axb5 40. axb5 h3 41. Rd2 Rh5 42. Rh2 Kd7 43. Kd2 Ke6 44. Ke2 Kf5 45. Kf3 g5 46. Kg3 g4 47. c4 Ke4 48. Kxg4 Rc5 49. Rxh3 Rxc4 50. Rh7 Kd5+ 51. Kg5 b6 52. Rb7 Kc5 53. Rc7+ Kxb5 54. Rxc4 Kxc4 55. Kf4 b5 56. Ke3 Kc3 57. Ke2 Kc2 58. Ke3 b4 59. Kd4 b3 60. Kc4 b2 61. Kd4 b1=Q 62. Kd5 Qb4 63. Ke5 Qc4 64. Kf6 Qd5 65. Ke7 Qf5 66. Kd6 Qe4 67. Kc5 Qd3 68. Kc6 Qd4 69. Kb5 Qc3 70. Kb6 Qc4 71. Ka5 Qb3 72. Ka6 Kc3 73. Ka5 Kc4 74. Ka6 Kc5 75. Ka7 Kc6 76. Ka8 Kc7 77. Ka7 Qb7# 0-1

[Event "CYCC U08"]
[Site "Sault Ste. Marie CAN"]
[Date "2017.07.07"]
[Round "4"]
[White "Huard, Matheo"]
[Black "Li, Gabriel"]
[Result "1-0"]
[WhiteElo "1292"]
[BlackElo "813"]
[WhiteFideId "-1"]
[WhiteFideId "-1"]
[PlyCount "77"]
[GameId "2160767908344422"]
[EventDate "2017.07.06"]
[EventType "swiss"]
[EventRounds "7"]
[EventCountry "CAN"]
[SourceTitle "EXT 2022"]
[Source "ChessBase"]
[SourceDate "2021.10.06"]
[SourceVersion "1"]
[SourceVersionDate "2021.10.06"]
[SourceQuality "1"]

1. e4 c5 2. b4 b6 3. d4 cxd4 4. Qxd4 Nc6 5. Qb2 e5 6. Nf3 Bxb4+ 7. Bd2 Bxd2+ 8. Nbxd2 Nf6 9. Nxe5 Nxe4 10. Nxe4 Qe7 11. Nxf7 Qxf7 12. Nd6+ Kf8 13. Nxf7 Kxf7 14. Bc4+ Kg6 15. O-O Na5 16. Bd3+ Kf7 17. Rfe1 Rb8 18. Re7+ Kxe7 19. Qxg7+ Kd6 20. Qxh8 Kd5 21. c4+ Nxc4 22. Bxc4+ Kxc4 23. Rc1+ Kd3 24. Rxc8 Rb7 25. Qxh7+ Kd4 26. Rc4+ Kxc4 27. Qe4+ Kc3 28. Qxb7 Kb2 29. Qxd7 Kxa2 30. Qxa7+ Kb3 31. Qxb6+ Kc2 32. h4 Kd1 33. Qb2 Ke1 34. h5 Kd1 35. h6 Ke1 36. h7 Kd1 37. h8=R Ke1 38. Rh1 Kd1 39. Kh2# 1-0

[Event "CYCC U08"]
[Site "Sault Ste. Marie CAN"]
[Date "2017.07.07"]
[Round "4"]
[White "Ksenych, Drew"]
[Black "Song, Ethan"]
[Result "0-1"]
[WhiteElo "954"]
[BlackElo "1315"]
[WhiteFideId "-1"]
[WhiteFideId "-1"]
[PlyCount "76"]
[GameId "2160767908344423"]
[EventDate "2017.07.06"]
[EventType "swiss"]
[EventRounds "7"]
[EventCountry "CAN"]
[SourceTitle "EXT 2022"]
[Source "ChessBase"]
[SourceDate "2021.10.06"]
[SourceVersion "1"]
[SourceVersionDate "2021.10.06"]
[SourceQuality "1"]

1. d4 d5 2. e4 dxe4 3. Nc3 Nf6 4. f3 exf3 5. Nxf3 e6 6. Bg5 Be7 7. Bd3 Nc6 8. Be3 Ng4 9. Qd2 Nxe3 10. Qxe3 O-O 11. O-O-O f5 12. Bc4 Kh8 13. Bxe6 g5 14. d5 Nb8 15. Qe5+ Bf6 16. Qxf5 Bxc3 17. Qh3 Bg7 18. Bxc8 Qxc8 19. Qh5 Qf5 20. Nxg5 h6 21. h4 Qf6 22. c3 Kg8 23. Ne4 Qf4+ 24. Nd2 Nd7 25. Rhf1 Qd6 26. Rde1 Nc5 27. Kc2 Qa6 28. Rxf8+ Rxf8 29. a3 Qd3+ 30. Kd1 Rf5 31. Qe2 Rxd5 32. Qxd3 Nxd3 33. Re7 Nxb2+ 34. Kc2 Na4 35. c4 Rc5 36. Kb3 Nb6 37. Kb4 Rc6 38. c5 Nd5+ 0-1

[Event "CYCC U08"]
[Site "Sault Ste. Marie CAN"]
[Date "2017.07.07"]
[Round "4"]
[White "Mane, Arnav"]
[Black "Wang, Richard2"]
[Result "1/2-1/2"]
[WhiteElo "829"]
[BlackElo "1008"]
[WhiteFideId "-1"]
[WhiteFideId "-1"]
[PlyCount "88"]
[GameId "2160767908344424"]
[EventDate "2017.07.06"]
[EventType "swiss"]
[EventRounds "7"]
[EventCountry "CAN"]
[SourceTitle "EXT 2022"]
[Source "ChessBase"]
[SourceDate "2021.10.06"]
[SourceVersion "1"]
[SourceVersionDate "2021.10.06"]
[SourceQuality "1"]

1. e4 c5 2. c3 Nc6 3. d4 cxd4 4. cxd4 e6 5. Nf3 Nf6 6. Nc3 Be7 7. Be2 O-O 8. O-O d6 9. Bf4 a6 10. Re1 Re8 11. e5 Ng4 12. h3 Nh6 13. Bxh6 gxh6 14. Bd3 dxe5 15. dxe5 Bg5 16. Qe2 b5 17. Qe4 Bb7 18. Qxh7+ Kf8 19. Nxg5 Qxg5 20. Qh8+ Ke7 21. Qf6+ Qxf6 22. exf6+ Kxf6 23. Ne4+ Kg7 24. Nd6 Re7 25. Re3 Rd8 26. Rg3+ Kf6 27. Ne4+ Ke5 28. Re1 Kd4 29. Rd1 Ke5 30. f4+ Kxf4 31. Rf1+ Ke5 32. Re1 Kd4 33. Nf6 Nb4 34. Rd1 Ke5 35. Ng4+ Kf4 36. Re3 f5 37. Rf1+ Kg5 38. Ne5 f4 39. h4+ Kf6 40. Rxf4+ Kg7 41. Rg3+ Kh8 42. Ng6+ Kg7 43. Nxe7+ Kh8 44. Rf7 Nxd3 1/2-1/2